Olympians by Country - Canada - Statistics

General Stats
  • This quiz has been taken 19 times
  • The average score is 9 of 28
Answer Stats
Picture Answer % Correct
Andre De Grasse
100%
Summer McIntosh
72%
Damian Warner
61%
Sidney Crosby
61%
Ethan Katzberg
50%
Penny Oleksiak
50%
Donovan Bailey
44%
Scott Moir / Tessa Virtue
39%
Scott Moir / Tessa Virtue
39%
Charles Hamelin
33%
Brianne Theisen-Eaton
28%
Clara Hughes
28%
Hayley Wickenheiser
28%
Jennifer Jones
28%
Marc Gagnon
28%
Mohammed Ahmed
28%
Cindy Klassen
22%
Adam van Koeverden
17%
François-Louis Tremblay
17%
Gaétan Boucher
17%
Kathleen Heddle / Marnie McBean
17%
Kylie Masse
17%
Rosie MacLennan
17%
Denny Morrison
11%
Myriam Bédard
11%
Émilie Heymans
6%
Jayna Hefford
6%
Victor Davis
6%
No matching quizzes found
Score Distribution
Percent of People with Each Score
Percentile by Number Answered
Your Score History
You have not taken this quiz